[Event "World Youth & Cadets Rapid Championships"]
[Site "Rhodes, Greece"]
[Date "2022.05.01"]
[Round "8.38"]
[White "Smietanska, Wiktoria"]
[Black "Derlich, Sarah Sima"]
[Result "1-0"]
[TimeControl "10'/game & 5\"/move"]
[WhiteElo "1781"]
[BlackElo "1229"]

1. c4 {[%clk 00:10:09]} {[%emt 00:00:01]} e6 {[%clk 00:10:09]} {[%emt
00:00:01]} 2. Nc3 {[%clk 00:10:12]} {[%emt 00:00:02]} d5 {[%clk 00:10:12]}
{[%emt 00:00:02]} 3. cxd5 {[%clk 00:10:15]} {[%emt 00:00:02]} exd5 {[%clk
00:10:14]} {[%emt 00:00:02]} 4. d4 {[%clk 00:10:18]} {[%emt 00:00:02]} Nf6
{[%clk 00:10:15]} {[%emt 00:00:04]} 5. Bg5 {[%clk 00:10:20]} {[%emt 00:00:03]}
Be7 {[%clk 00:10:17]} {[%emt 00:00:02]} 6. e3 {[%clk 00:10:24]} {[%emt
00:00:02]} h6 {[%clk 00:10:12]} {[%emt 00:00:11]} 7. Bh4 {[%clk 00:10:25]}
{[%emt 00:00:04]} O-O {[%clk 00:10:12]} {[%emt 00:00:04]} 8. Bd3 {[%clk
00:10:26]} {[%emt 00:00:05]} c6 {[%clk 00:09:51]} {[%emt 00:00:26]} 9. Qc2
{[%clk 00:10:22]} {[%emt 00:00:08]} Nbd7 {[%clk 00:09:19]} {[%emt 00:00:38]} 10.
Nge2 {[%clk 00:10:24]} {[%emt 00:00:03]} Nb6 {[%clk 00:09:19]} {[%emt
00:00:05]} 11. O-O {[%clk 00:10:19]} {[%emt 00:00:09]} Bd7 {[%clk 00:08:55]}
{[%emt 00:00:29]} 12. Rae1 {[%clk 00:10:11]} {[%emt 00:00:14]} Rc8 {[%clk
00:08:55]} {[%emt 00:00:04]} 13. a3 {[%clk 00:09:53]} {[%emt 00:00:23]} a5
{[%clk 00:08:39]} {[%emt 00:00:21]} 14. f3 {[%clk 00:09:33]} {[%emt 00:00:24]}
Re8 {[%clk 00:08:41]} {[%emt 00:00:04]} 15. Bf2 {[%clk 00:09:24]} {[%emt
00:00:14]} Bf8 {[%clk 00:08:38]} {[%emt 00:00:08]} 16. Ng3 {[%clk 00:09:23]}
{[%emt 00:00:07]} Qc7 {[%clk 00:08:15]} {[%emt 00:00:28]} 17. e4 {[%clk
00:08:48]} {[%emt 00:00:40]} dxe4 {[%clk 00:08:02]} {[%emt 00:00:17]} 18. fxe4
{[%clk 00:08:11]} {[%emt 00:00:42]} Ng4 {[%clk 00:07:52]} {[%emt 00:00:16]} 19.
Kh1 {[%clk 00:06:59]} {[%emt 00:01:16]} Nxf2+ {[%clk 00:07:52]} {[%emt
00:00:05]} 20. Qxf2 {[%clk 00:07:01]} {[%emt 00:00:04]} Be6 {[%clk 00:07:15]}
{[%emt 00:00:41]} 21. d5 {[%clk 00:03:02]} {[%emt 00:04:04]} cxd5 {[%clk
00:06:44]} {[%emt 00:00:36]} 22. exd5 {[%clk 00:03:03]} {[%emt 00:00:05]} Nxd5
{[%clk 00:05:57]} {[%emt 00:00:52]} 23. Nxd5 {[%clk 00:02:49]} {[%emt
00:00:19]} Bxd5 {[%clk 00:05:57]} {[%emt 00:00:05]} 24. Rxe8 {[%clk 00:02:28]}
{[%emt 00:00:26]} Rxe8 {[%clk 00:05:55]} {[%emt 00:00:06]} 25. Qf5 {[%clk
00:02:29]} {[%emt 00:00:04]} g6 {[%clk 00:04:52]} {[%emt 00:01:08]} 26. Qxd5
{[%clk 00:02:29]} {[%emt 00:00:06]} Bg7 {[%clk 00:04:18]} {[%emt 00:00:38]} 27.
Bxg6 {[%clk 00:01:58]} {[%emt 00:00:35]} Re7 {[%clk 00:03:22]} {[%emt
00:01:02]} 28. Bh5 {[%clk 00:01:15]} {[%emt 00:00:48]} Bxb2 {[%clk 00:02:18]}
{[%emt 00:01:10]} 29. Nf5 {[%clk 00:00:56]} {[%emt 00:00:23]} Rd7 {[%clk
00:01:56]} {[%emt 00:00:27]} 30. Nxh6+ {[%clk 00:00:28]} {[%emt 00:00:33]} Kf8
{[%clk 00:00:39]} {[%emt 00:01:23]} 31. Qg5 {[%clk 00:00:14]} {[%emt 00:00:16]}
Bg7 {[%clk 00:00:26]} {[%emt 00:00:21]} 32. Nf5 {[%clk 00:00:11]} {[%emt
00:00:08]} Qe5 {[%clk 00:00:14]} {[%emt 00:00:17]} 33. Qg4 {[%clk 00:00:10]}
{[%emt 00:00:05]} Rc7 {[%clk 00:00:09]} {[%emt 00:00:11]} 34. Nxg7 {[%clk
00:00:12]} {[%emt 00:00:02]} Qxg7 {[%clk 00:00:11]} {[%emt 00:00:03]} 35. Qf4
{[%clk 00:00:13]} {[%emt 00:00:03]} Re7 {[%clk 00:00:13]} {[%emt 00:00:04]} 36.
Qb8+ {[%clk 00:00:11]} {[%emt 00:00:08]} Re8 {[%clk 00:00:15]} {[%emt
00:00:03]} 37. Qd6+ {[%clk 00:00:14]} {[%emt 00:00:02]} Re7 {[%clk 00:00:14]}
{[%emt 00:00:06]} 38. Re1 {[%clk 00:00:09]} {[%emt 00:00:10]} Kg8 {[%clk
00:00:08]} {[%emt 00:00:10]} 39. Qxe7 {[%clk 00:00:11]} {[%emt 00:00:03]} 1-0

[Event "World Youth & Cadets Rapid Championships"]
[Site "Rhodes, Greece"]
[Date "2022.05.01"]
[Round "9.2"]
[White "Goroshkov, Maksym"]
[Black "Subelj, Jan"]
[Result "0-1"]
[TimeControl "10'/game & 5\"/move"]
[WhiteElo "2115"]
[BlackElo "2338"]

1. e4 {[%clk 00:10:06]} {[%emt 00:00:02]} e5 {[%clk 00:10:09]} {[%emt
00:00:02]} 2. d4 {[%clk 00:10:08]} {[%emt 00:00:04]} exd4 {[%clk 00:10:08]}
{[%emt 00:00:05]} 3. c3 {[%clk 00:10:13]} Nf6 {[%clk 00:10:07]} {[%emt
00:00:06]} 4. Bd3 {[%clk 00:10:15]} {[%emt 00:00:03]} Nc6 {[%clk 00:09:43]}
{[%emt 00:00:29]} 5. Nf3 {[%clk 00:10:18]} {[%emt 00:00:02]} d5 {[%clk
00:09:41]} {[%emt 00:00:07]} 6. e5 {[%clk 00:09:21]} {[%emt 00:01:02]} Ne4
{[%clk 00:09:42]} {[%emt 00:00:03]} 7. cxd4 {[%clk 00:09:14]} {[%emt 00:00:13]}
Bb4+ {[%clk 00:09:44]} {[%emt 00:00:03]} 8. Bd2 {[%clk 00:08:55]} {[%emt
00:00:23]} Nxd2 {[%clk 00:09:46]} {[%emt 00:00:03]} 9. Nbxd2 {[%clk 00:08:59]}
{[%emt 00:00:02]} O-O {[%clk 00:09:43]} {[%emt 00:00:07]} 10. O-O {[%clk
00:08:52]} {[%emt 00:00:12]} Bg4 {[%clk 00:09:41]} {[%emt 00:00:07]} 11. h3
{[%clk 00:08:51]} {[%emt 00:00:07]} Bh5 {[%clk 00:09:41]} {[%emt 00:00:04]} 12.
g4 {[%clk 00:08:00]} {[%emt 00:00:56]} Bg6 {[%clk 00:09:45]} {[%emt 00:00:02]}
13. Qc2 {[%clk 00:07:26]} {[%emt 00:00:38]} Bxd3 {[%clk 00:08:55]} {[%emt
00:00:55]} 14. Qxd3 {[%clk 00:07:31]} {[%emt 00:00:01]} f6 {[%clk 00:08:57]}
{[%emt 00:00:02]} 15. Nb3 {[%clk 00:05:49]} {[%emt 00:01:48]} fxe5 {[%clk
00:08:44]} {[%emt 00:00:17]} 16. dxe5 {[%clk 00:05:53]} {[%emt 00:00:01]} Be7
{[%clk 00:07:23]} {[%emt 00:01:26]} 17. Rad1 {[%clk 00:05:40]} {[%emt
00:00:19]} Nb4 {[%clk 00:07:22]} {[%emt 00:00:05]} 18. Qe2 {[%clk 00:05:29]}
{[%emt 00:00:16]} c5 {[%clk 00:07:21]} {[%emt 00:00:06]} 19. a3 {[%clk
00:05:20]} {[%emt 00:00:16]} Nc6 {[%clk 00:07:23]} {[%emt 00:00:01]} 20. Ne1
{[%clk 00:05:12]} {[%emt 00:00:13]} Qb6 {[%clk 00:07:07]} {[%emt 00:00:20]} 21.
Nc1 {[%clk 00:04:41]} {[%emt 00:00:37]} Nd4 {[%clk 00:07:07]} {[%emt 00:00:05]}
22. Rxd4 {[%clk 00:04:46]} {[%emt 00:00:01]} cxd4 {[%clk 00:07:09]} {[%emt
00:00:02]} 23. Ncd3 {[%clk 00:04:50]} {[%emt 00:00:01]} g5 {[%clk 00:06:39]}
{[%emt 00:00:35]} 24. h4 {[%clk 00:04:28]} {[%emt 00:00:28]} h6 {[%clk
00:06:37]} {[%emt 00:00:06]} 25. Kg2 {[%clk 00:04:15]} {[%emt 00:00:18]} Qe6
{[%clk 00:06:39]} {[%emt 00:00:03]} 26. hxg5 {[%clk 00:04:06]} {[%emt
00:00:15]} hxg5 {[%clk 00:06:40]} {[%emt 00:00:04]} 27. f4 {[%clk 00:03:58]}
{[%emt 00:00:13]} gxf4 {[%clk 00:06:39]} {[%emt 00:00:06]} 28. Nxf4 {[%clk
00:04:02]} Qh6 {[%clk 00:06:32]} {[%emt 00:00:10]} 29. Nxd5 {[%clk 00:03:58]}
{[%emt 00:00:10]} Qc6 {[%clk 00:06:22]} {[%emt 00:00:15]} 30. Qe4 {[%clk
00:04:03]} Rae8 {[%clk 00:05:16]} {[%emt 00:01:11]} 31. e6 {[%clk 00:04:00]}
{[%emt 00:00:08]} Rxf1 {[%clk 00:04:35]} {[%emt 00:00:45]} 32. Qg6+ {[%clk
00:04:03]} {[%emt 00:00:02]} Kh8 {[%clk 00:04:32]} {[%emt 00:00:08]} 33. Qh5+
{[%clk 00:03:18]} {[%emt 00:00:50]} Kg7 {[%clk 00:04:30]} {[%emt 00:00:07]} 34.
Kxf1 {[%clk 00:03:21]} {[%emt 00:00:02]} Rf8+ {[%clk 00:04:29]} {[%emt
00:00:05]} 35. Kg1 {[%clk 00:03:19]} {[%emt 00:00:08]} Qxe6 {[%clk 00:04:24]}
{[%emt 00:00:10]} 36. Ng2 {[%clk 00:03:10]} {[%emt 00:00:14]} d3 {[%clk
00:03:54]} {[%emt 00:00:35]} 37. Ndf4 {[%clk 00:03:14]} {[%emt 00:00:01]} Rxf4
{[%clk 00:03:53]} {[%emt 00:00:06]} 38. Nxf4 {[%clk 00:03:16]} {[%emt
00:00:04]} Qe3+ {[%clk 00:03:49]} {[%emt 00:00:08]} 39. Kg2 {[%clk 00:03:20]}
Qxf4 {[%clk 00:03:47]} {[%emt 00:00:07]} 40. Qd5 {[%clk 00:03:24]} {[%emt
00:00:02]} Qxg4+ {[%clk 00:03:47]} {[%emt 00:00:04]} 41. Kh2 {[%clk 00:03:27]}
{[%emt 00:00:02]} Qh4+ {[%clk 00:03:50]} {[%emt 00:00:02]} 42. Kg2 {[%clk
00:03:31]} {[%emt 00:00:02]} Qg5+ {[%clk 00:03:53]} {[%emt 00:00:02]} 0-1

[Event "World Youth & Cadets Rapid Championships"]
[Site "Rhodes, Greece"]
[Date "2022.05.01"]
[Round "9.3"]
[White "Petrovskyi, Vadym"]
[Black "Tobak, Mikhail"]
[Result "1-0"]
[TimeControl "10'/game & 5\"/move"]
[WhiteElo "2347"]
[BlackElo "2159"]

1. e4 {[%clk 00:10:09]} Nf6 {[%clk 00:10:06]} {[%emt 00:00:04]} 2. Nc3 {[%clk
00:10:13]} {[%emt 00:00:02]} d6 {[%clk 00:10:06]} {[%emt 00:00:04]} 3. d4
{[%clk 00:10:14]} {[%emt 00:00:04]} g6 {[%clk 00:10:10]} {[%emt 00:00:02]} 4.
Nf3 {[%clk 00:10:08]} {[%emt 00:00:11]} Bg7 {[%clk 00:10:13]} {[%emt 00:00:01]}
5. Be2 {[%clk 00:10:12]} {[%emt 00:00:02]} O-O {[%clk 00:10:14]} {[%emt
00:00:03]} 6. O-O {[%clk 00:10:13]} {[%emt 00:00:03]} c6 {[%clk 00:10:17]}
{[%emt 00:00:03]} 7. Re1 {[%clk 00:10:16]} {[%emt 00:00:02]} Nbd7 {[%clk
00:10:08]} {[%emt 00:00:15]} 8. Bf4 {[%clk 00:10:10]} {[%emt 00:00:10]} Nh5
{[%clk 00:09:17]} {[%emt 00:00:56]} 9. Be3 {[%clk 00:10:13]} {[%emt 00:00:02]}
e5 {[%clk 00:09:18]} {[%emt 00:00:04]} 10. Qd2 {[%clk 00:10:07]} {[%emt
00:00:12]} Qc7 {[%clk 00:08:56]} {[%emt 00:00:27]} 11. Rad1 {[%clk 00:10:03]}
{[%emt 00:00:08]} b5 {[%clk 00:08:47]} {[%emt 00:00:14]} 12. a3 {[%clk
00:09:20]} {[%emt 00:00:48]} a6 {[%clk 00:08:29]} {[%emt 00:00:23]} 13. dxe5
{[%clk 00:09:10]} {[%emt 00:00:15]} dxe5 {[%clk 00:08:29]} {[%emt 00:00:05]} 14.
Qd6 {[%clk 00:09:04]} {[%emt 00:00:11]} Qb7 {[%clk 00:07:25]} {[%emt 00:01:10]}
15. Nd2 {[%clk 00:08:50]} {[%emt 00:00:19]} Nf4 {[%clk 00:06:47]} {[%emt
00:00:42]} 16. Bf1 {[%clk 00:06:37]} {[%emt 00:02:17]} Re8 {[%clk 00:06:00]}
{[%emt 00:00:53]} 17. Nb3 {[%clk 00:06:11]} {[%emt 00:00:31]} Bf8 {[%clk
00:05:46]} {[%emt 00:00:19]} 18. Na5 {[%clk 00:06:00]} {[%emt 00:00:16]} Bxd6
{[%clk 00:05:08]} {[%emt 00:00:44]} 19. Nxb7 {[%clk 00:06:03]} {[%emt
00:00:02]} Bc7 {[%clk 00:04:44]} {[%emt 00:00:29]} 20. Nd6 {[%clk 00:05:49]}
{[%emt 00:00:19]} Rd8 {[%clk 00:04:43]} {[%emt 00:00:05]} 21. Nxc8 {[%clk
00:05:18]} {[%emt 00:00:36]} Raxc8 {[%clk 00:04:45]} {[%emt 00:00:04]} 22. g3
{[%clk 00:05:03]} {[%emt 00:00:19]} Ne6 {[%clk 00:04:40]} {[%emt 00:00:10]} 23.
Bh3 {[%clk 00:05:02]} {[%emt 00:00:06]} Ndf8 {[%clk 00:04:12]} {[%emt
00:00:33]} 24. Ne2 {[%clk 00:04:53]} {[%emt 00:00:14]} Rb8 {[%clk 00:03:29]}
{[%emt 00:00:48]} 25. Nc1 {[%clk 00:03:28]} {[%emt 00:01:30]} Nd4 {[%clk
00:03:02]} {[%emt 00:00:32]} 26. Bxd4 {[%clk 00:03:29]} {[%emt 00:00:04]} exd4
{[%clk 00:03:04]} {[%emt 00:00:03]} 27. Nd3 {[%clk 00:03:30]} {[%emt 00:00:04]}
Bd6 {[%clk 00:02:51]} {[%emt 00:00:18]} 28. e5 {[%clk 00:03:30]} {[%emt
00:00:05]} Be7 {[%clk 00:02:55]} {[%emt 00:00:01]} 29. b4 {[%clk 00:03:25]}
{[%emt 00:00:10]} a5 {[%clk 00:02:44]} {[%emt 00:00:17]} 30. f4 {[%clk
00:03:18]} {[%emt 00:00:11]} Ne6 {[%clk 00:01:54]} {[%emt 00:00:55]} 31. g4
{[%clk 00:02:26]} {[%emt 00:00:57]} axb4 {[%clk 00:01:45]} {[%emt 00:00:14]} 32.
axb4 {[%clk 00:02:30]} {[%emt 00:00:02]} c5 {[%clk 00:01:35]} {[%emt 00:00:15]}
33. f5 {[%clk 00:02:34]} Ng5 {[%clk 00:01:40]} 34. Bg2 {[%clk 00:02:38]} {[%emt
00:00:01]} c4 {[%clk 00:01:32]} {[%emt 00:00:13]} 35. Nc5 {[%clk 00:02:39]}
{[%emt 00:00:03]} h5 {[%clk 00:01:06]} {[%emt 00:00:31]} 36. h4 {[%clk
00:01:57]} {[%emt 00:00:48]} Nh7 {[%clk 00:01:03]} {[%emt 00:00:07]} 37. fxg6
{[%clk 00:01:49]} {[%emt 00:00:13]} fxg6 {[%clk 00:01:02]} {[%emt 00:00:06]} 38.
g5 {[%clk 00:01:53]} Nf8 {[%clk 00:00:56]} {[%emt 00:00:11]} 39. Bh3 {[%clk
00:01:14]} {[%emt 00:00:44]} Ra8 {[%clk 00:00:32]} {[%emt 00:00:30]} 40. Re4
{[%clk 00:00:51]} {[%emt 00:00:27]} Ra2 {[%clk 00:00:23]} {[%emt 00:00:14]} 41.
Rexd4 {[%clk 00:00:55]} {[%emt 00:00:02]} Rxd4 {[%clk 00:00:25]} {[%emt
00:00:03]} 42. Rxd4 {[%clk 00:00:59]} Rxc2 {[%clk 00:00:29]} {[%emt 00:00:02]}
43. Bg2 {[%clk 00:00:55]} {[%emt 00:00:09]} Rb2 {[%clk 00:00:22]} {[%emt
00:00:12]} 44. Bd5+ {[%clk 00:00:37]} {[%emt 00:00:23]} Kg7 {[%clk 00:00:23]}
{[%emt 00:00:03]} 45. Rf4 {[%clk 00:00:38]} {[%emt 00:00:04]} Bxc5+ {[%clk
00:00:07]} {[%emt 00:00:21]} 46. bxc5 {[%clk 00:00:43]} c3 {[%clk 00:00:11]}
{[%emt 00:00:01]} 47. Rf7+ {[%clk 00:00:44]} {[%emt 00:00:04]} Kg8 {[%emt
00:00:02]} 48. Rf3+ {[%clk 00:00:47]} Kg7 {[%clk 00:00:18]} {[%emt 00:00:02]}
49. Rxc3 {[%clk 00:00:52]} {[%emt 00:00:01]} Rd2 {[%clk 00:00:13]} {[%emt
00:00:10]} 50. c6 {[%clk 00:00:50]} {[%emt 00:00:07]} b4 {[%clk 00:00:17]} 51.
Rc1 {[%clk 00:00:53]} {[%emt 00:00:02]} Rd4 {[%clk 00:00:08]} {[%emt 00:00:14]}
52. c7 {[%clk 00:00:55]} {[%emt 00:00:02]} Rg4+ {[%clk 00:00:12]} 53. Kf2
{[%clk 00:00:58]} {[%emt 00:00:02]} Rf4+ {[%clk 00:00:15]} {[%emt 00:00:02]} 54.
Bf3 {[%clk 00:01:02]} 1-0

[Event "World Youth & Cadets Rapid Championships"]
[Site "Rhodes, Greece"]
[Date "2022.05.01"]
[Round "9.4"]
[White "Chyzy, Jakub"]
[Black "Trushko, Andrii"]
[Result "1-0"]
[TimeControl "10'/game & 5\"/move"]
[WhiteElo "1951"]
[BlackElo "2065"]

1. b3 {[%clk 00:10:10]} d5 {[%clk 00:10:08]} {[%emt 00:00:03]} 2. Bb2 {[%clk
00:10:13]} f6 {[%clk 00:10:11]} {[%emt 00:00:02]} 3. f4 {[%clk 00:10:14]}
{[%emt 00:00:05]} c5 {[%clk 00:09:47]} {[%emt 00:00:29]} 4. Nf3 {[%clk
00:10:15]} {[%emt 00:00:04]} Nc6 {[%clk 00:09:50]} {[%emt 00:00:01]} 5. e3
{[%clk 00:10:18]} {[%emt 00:00:03]} Bg4 {[%clk 00:09:47]} {[%emt 00:00:08]} 6.
Be2 {[%clk 00:10:20]} Qc7 {[%clk 00:09:43]} {[%emt 00:00:12]} 7. h3 {[%clk
00:10:05]} Bh5 {[%clk 00:09:46]} {[%emt 00:00:22]} 8. O-O {[%clk 00:09:26]} e6
{[%clk 00:09:48]} {[%emt 00:00:47]} 9. c4 {[%clk 00:09:06]} Bd6 {[%clk
00:09:41]} {[%emt 00:00:37]} 10. Nc3 {[%clk 00:09:02]} Nge7 {[%clk 00:09:43]}
{[%emt 00:00:11]} 11. cxd5 {[%clk 00:08:24]} exd5 {[%clk 00:09:43]} {[%emt
00:00:48]} 12. Qe1 {[%clk 00:07:58]} O-O {[%clk 00:09:35]} {[%emt 00:00:44]} 13.
Bd3 {[%clk 00:07:37]} Qd7 {[%clk 00:09:13]} {[%emt 00:00:55]} 14. Qh4 {[%clk
00:07:13]} Qe8 {[%clk 00:09:05]} {[%emt 00:00:40]} 15. Nb5 {[%clk 00:05:56]}
Rd8 {[%clk 00:09:09]} {[%emt 00:01:24]} 16. g4 {[%clk 00:05:14]} Bg6 {[%clk
00:09:12]} {[%emt 00:00:49]} 17. f5 {[%clk 00:05:12]} Bf7 {[%clk 00:09:14]}
{[%emt 00:00:09]} 18. g5 {[%clk 00:03:56]} Be5 {[%clk 00:07:44]} {[%emt
00:02:57]} 19. Nxe5 {[%clk 00:03:33]} fxe5 {[%clk 00:07:23]} {[%emt 00:00:53]}
20. Nc7 {[%clk 00:03:19]} Qd7 {[%clk 00:07:24]} {[%emt 00:00:29]} 21. Ne6
{[%clk 00:03:24]} Nb4 {[%clk 00:05:28]} {[%emt 00:02:06]} 22. Nxc5 {[%clk
00:02:45]} Qd6 {[%clk 00:05:17]} {[%emt 00:01:01]} 23. Qxb4 {[%clk 00:02:33]}
e4 {[%clk 00:05:19]} {[%emt 00:00:20]} 24. Kg2 {[%clk 00:01:45]} Bh5 {[%clk
00:04:58]} {[%emt 00:01:19]} 25. Qd4 {[%clk 00:01:16]} Rf7 {[%clk 00:04:56]}
{[%emt 00:00:40]} 26. Nxb7 {[%clk 00:00:58]} Bf3+ {[%clk 00:04:46]} {[%emt
00:00:38]} 27. Rxf3 {[%clk 00:00:33]} exf3+ {[%clk 00:04:49]} {[%emt 00:00:32]}
28. Kxf3 {[%clk 00:00:20]} Nxf5 {[%clk 00:04:18]} {[%emt 00:00:54]} 29. Bxf5
{[%clk 00:00:11]} Rxf5+ {[%clk 00:03:31]} {[%emt 00:01:07]} 30. Kg4 {[%clk
00:00:15]} h5+ {[%clk 00:01:43]} {[%emt 00:01:53]} 31. Kh4 {[%clk 00:00:12]}
{[%emt 00:00:09]} Qe7 {[%clk 00:01:38]} {[%emt 00:00:09]} 32. Qxg7+ {[%clk
00:00:11]} {[%emt 00:00:06]} Qxg7 {[%clk 00:01:42]} {[%emt 00:00:01]} 33. Bxg7
{[%clk 00:00:14]} {[%emt 00:00:01]} Rd7 {[%clk 00:01:46]} {[%emt 00:00:02]} 34.
Bf6 {[%clk 00:00:10]} {[%emt 00:00:09]} Rxb7 {[%clk 00:01:50]} {[%emt
00:00:02]} 35. Kxh5 {[%clk 00:00:14]} Kf7 {[%clk 00:01:12]} {[%emt 00:00:43]}
36. Rc1 {[%clk 00:00:14]} {[%emt 00:00:06]} Rf2 {[%clk 00:01:16]} 37. Bd4
{[%clk 00:00:10]} {[%emt 00:00:08]} Rxd2 {[%clk 00:00:50]} {[%emt 00:00:31]} 38.
g6+ {[%clk 00:00:14]} {[%emt 00:00:02]} Ke6 {[%clk 00:00:54]} 39. Rg1 {[%clk
00:00:08]} {[%emt 00:00:11]} Rb8 {[%clk 00:00:37]} {[%emt 00:00:23]} 40. Kh6
{[%clk 00:00:08]} {[%emt 00:00:04]} Rxa2 {[%clk 00:00:19]} {[%emt 00:00:24]} 41.
g7 {[%clk 00:00:11]} {[%emt 00:00:01]} Kf7 {[%clk 00:00:21]} {[%emt 00:00:03]}
42. Kh7 {[%clk 00:00:15]} {[%emt 00:00:01]} Rh2 {[%clk 00:00:25]} {[%emt
00:00:01]} 43. Rf1+ {[%clk 00:00:14]} {[%emt 00:00:07]} Ke7 {[%clk 00:00:29]}
44. Rf3 {[%clk 00:00:16]} {[%emt 00:00:03]} Rg2 {[%clk 00:00:31]} {[%emt
00:00:03]} 45. Rf8 {[%clk 00:00:13]} {[%emt 00:00:08]} Rxb3 {[%clk 00:00:16]}
{[%emt 00:00:20]} 46. g8=Q {[%clk 00:00:14]} {[%emt 00:00:04]} Rxg8 {[%clk
00:00:20]} 47. Rxg8 {[%clk 00:00:18]} a5 {[%clk 00:00:24]} {[%emt 00:00:02]} 48.
Ra8 {[%clk 00:00:19]} {[%emt 00:00:03]} Rb5 {[%clk 00:00:28]} 49. h4 {[%clk
00:00:22]} {[%emt 00:00:02]} Ke6 {[%clk 00:00:32]} 50. Kg6 {[%clk 00:00:26]}
{[%emt 00:00:02]} Rb1 {[%clk 00:00:33]} {[%emt 00:00:04]} 51. Rxa5 {[%clk
00:00:28]} {[%emt 00:00:03]} Rg1 {[%clk 00:00:37]} {[%emt 00:00:02]} 52. Kh6
{[%clk 00:00:31]} {[%emt 00:00:02]} Rg4 {[%clk 00:00:39]} {[%emt 00:00:02]} 53.
h5 {[%clk 00:00:35]} Rg2 {[%clk 00:00:43]} {[%emt 00:00:01]} 54. Ra6+ {[%clk
00:00:39]} {[%emt 00:00:01]} Kf5 {[%clk 00:00:46]} {[%emt 00:00:02]} 55. Rg6
{[%clk 00:00:42]} {[%emt 00:00:02]} Rh2 {[%clk 00:00:49]} {[%emt 00:00:01]} 56.
Rg5+ {[%clk 00:00:46]} {[%emt 00:00:02]} Ke4 {[%emt 00:00:21]} 1-0